[Event "Polanica Zdroj op-D 56th"]
[Site "Polanica Zdroj"]
[Date "2020.08.21"]
[Round "7"]
[White "Bienkowski, Zbigniew"]
[Black "Bednarczyk, Mateusz"]
[Result "1-0"]
[WhiteElo "1739"]
[BlackElo "1500"]
[PlyCount "59"]
[EventDate "2020.08.15"]
[EventType "swiss"]
[EventRounds "9"]
[EventCountry "POL"]
[SourceTitle "CBM 198 Extra"]
[Source "ChessBase"]
[SourceDate "2020.11.30"]
[SourceVersion "1"]
[SourceVersionDate "2020.11.30"]
[SourceQuality "1"]

1. e4 c5 2. Nf3 Nc6 3. c4 e6 4. Nc3 Nf6 5. d4 cxd4 6. Nxd4 Bb4 7. Nxc6 bxc6 8. Bd3 Bxc3+ 9. bxc3 Qc7 10. 0-0 0-0 11. f4 d5 12. e5 Nd7 13. Ba3 c5 14. Rf3 f5 15. cxd5 exd5 16. Rg3 Qb6 17. Bxf5 Qc6 18. Qc2 Rxf5 19. Qxf5 Nf6 20. Qg5 Ne8 21. f5 Qc7 22. Re1 Rb8 23. h4 Rb7 24. h5 Qf7 25. f6 Be6 26. Bxc5 Rc7 27. Bb4 Rd7 28. Rf1 g6 29. hxg6 hxg6 30. Qh6 1-0

[Event "Polanica Zdroj op-D 56th"]
[Site "Polanica Zdroj"]
[Date "2020.08.15"]
[Round "1"]
[White "Bienkowski, Zbigniew"]
[Black "Tavernier, Loris"]
[Result "1-0"]
[WhiteElo "1739"]
[BlackElo "1390"]
[PlyCount "50"]
[EventDate "2020.08.15"]
[EventType "swiss"]
[EventRounds "9"]
[EventCountry "POL"]
[SourceTitle "CBM 198 Extra"]
[Source "ChessBase"]
[SourceDate "2020.11.30"]
[SourceVersion "1"]
[SourceVersionDate "2020.11.30"]
[SourceQuality "1"]

1. e4 c5 2. Nf3 d6 3. h3 Nc6 4. c3 e6 5. d4 cxd4 6. cxd4 d5 7. exd5 Qxd5 8. Nc3 Bb4 9. Bd3 Nge7 10. Bd2 Qd8 11. 0-0 Nxd4 12. Nxd4 Qxd4 13. Be3 Qd8 14. Qc2 Bd7 15. Rfd1 Bxc3 16. bxc3 a6 17. Bd4 f6 18. Bc5 Rc8 19. Ba3 Qa5 20. Bb4 Qg5 21. Be4 Nc6 22. Qd3 Rd8 23. Bxc6 Bxc6 24. Qxd8+ Kf7 25. Qd4 Be4 1-0

[Event "Warsaw Najdorf Memorial op-B 12th"]
[Site "Warsaw"]
[Date "2014.07.14"]
[Round "1"]
[White "Solnicki, Michal"]
[Black "Bienkowski, Zbigniew"]
[Result "1-0"]
[WhiteElo "2182"]
[BlackElo "1834"]
[PlyCount "73"]
[EventDate "2014.07.14"]
[EventType "swiss"]
[EventRounds "9"]
[EventCountry "POL"]
[SourceTitle "EXT 2016"]
[Source "ChessBase"]
[SourceDate "2015.10.08"]
[SourceVersion "1"]
[SourceVersionDate "2015.10.08"]
[SourceQuality "1"]

1. Nf3 Nf6 2. g3 d6 3. d4 Nbd7 4. Nc3 c6 5. Bg2 e5 6. 0-0 Be7 7. e4 0-0 8. b3 Re8 9. Bb2 Qc7 10. h3 b5 11. a3 Qb6 12. Kh2 Bf8 13. dxe5 dxe5 14. Ne1 Bb7 15. Qe2 a5 16. Nd3 Rad8 17. Nd1 b4 18. axb4 axb4 19. Ne3 Ba6 20. Nc4 Bxc4 21. bxc4 Bc5 22. Ra4 b3 23. Rfa1 bxc2 24. Qxc2 Bd4 25. c5 Qc7 26. Bxd4 exd4 27. Rxd4 Rb8 28. f4 Rec8 29. Ra6 Nf8 30. Ne5 Ne6 31. Rd6 Qb7 32. Rb6 Qc7 33. Ra6 Rb5 34. Rdxc6 Rxc5 35. Qxc5 Nxc5 36. Rxc7 Rxc7 37. Ra8+ 1-0